000 00689nam a2200193Ia 4500
003 GCL
008 140319s9999 xx 000 0 ara d
040 _aGCL /
_cGCL
082 0 4 _a350.7
_bم م
100 1 _aمحمد محمود سعيد
245 1 0 _aالمركز القانونى لهيئة الرقابة الادارية واختصاص اعضائها باعمال الضبط القضائى والتحقيق /
_cمحمد محمود سعيد
260 _a[S.N] :
_bدار الفكر العربى ،
_c1992
300 _a61 ص
490 _a
650 0 4 _aالقانون
650 0 4 _aالقانون الادارى
650 0 4 _aالرقابة الادارية
942 _2ddc
_cBK
999 _c55736
_d55736